El análisis de la realidad social: métodos y técnicas de investigación
Uloženo v:
| Hlavní autoři: | , , |
|---|---|
| Médium: | Kniha |
| Jazyk: | španělština |
| Vydáno: |
Madrid
Alianza
2000
|
| Vydání: | 1a. ed |
| Edice: | Manuales Ciencias Sociales, 060
|
| Témata: | |
| Tagy: |
Přidat tag
Žádné tagy, Buďte první, kdo vytvoří štítek k tomuto záznamu!
|
MARC
| LEADER | 00000cam a2200000 a 4500 | ||
|---|---|---|---|
| 001 | UCF8574 | ||
| 003 | CL-VaPUC | ||
| 008 | 130916e20000000sp |||||||||||||||||spa|d | ||
| 020 | |a 9788420686639 | ||
| 082 | 0 | 4 | |a 301.072 |b GAR |2 21 |
| 100 | |a García Ferrando, Manuel |e author |9 570674 | ||
| 700 | |a Ibáñez Alonso, Jesús |e author |9 570675 | ||
| 700 | 0 | |a Alvira, Francisco |e author |9 570676 | |
| 245 | 1 | 3 | |a El análisis de la realidad social: métodos y técnicas de investigación |
| 250 | |a 1a. ed | ||
| 300 | |a 682 p | ||
| 942 | |c BK | ||
| 945 | |d 20130916 10:38:00 |a dcastane | ||
| 260 | |a Madrid |b Alianza |c 2000 | ||
| 650 | 0 | |a Investigación social |9 307814 | |
| 650 | 0 | |a Ciencias sociales |9 256351 | |
| 650 | 0 | |a Métodos de investigación |9 262618 | |
| 583 | |a last modification |c 20130916 10:38:00 |k Rodrigo Vera | ||
| 490 | 0 | |a Manuales Ciencias Sociales, 060 | |
| 999 | |c 353141 |d 353139 | ||
| 952 | |0 0 |1 0 |3 erb |4 0 |6 301_072000000000000_GAR_2000 |7 0 |8 R |9 458091 |a BIBGIM |b BIBGIM |d 2019-11-23 |i 5009502 |l 2 |o 301.072 GAR 2000 |p 5009502 |r 2025-01-15 |s 2024-11-21 |w 2019-11-23 |y BK_R |z Catalogado en:20130916 |k SSL | ||
| 952 | |0 0 |1 0 |3 erb |4 0 |6 301_072000000000000_GAR_2000 |7 0 |8 R |9 458092 |a BIBGIM |b BIBGIM |i 5263840 |o 301.072 GAR 2000 |p 5263840 |r 2025-01-15 |w 2019-11-23 |y BK_R |z Catalogado en:20160121 |k MTS | ||
| 952 | |0 0 |1 0 |3 erb |4 0 |6 301_072000000000000_GAR_2000 |7 0 |8 R |9 458093 |a BIBGIM |b BIBGIM |i 5263859 |o 301.072 GAR 2000 |p 5263859 |r 2025-01-15 |w 2019-11-23 |y BK_R |z Catalogado en:20160121 |k MTS | ||